Normal view
MARC view
- Cooper, Charles Raymond,
Entry Personal Name
001 - CONTROL NUMBER
- control field: 106823
003 - CONTROL NUMBER IDENTIFIER
- control field: NUST
005 - DATE AND TIME OF LATEST TRANSACTION
- control field: 20230113175555.0
008 - FIXED-LENGTH DATA ELEMENTS
- fixed length control field: 230113|| aca||aabn | a|a d
040 ## - CATALOGING SOURCE
- Original cataloging agency: NUST
- Transcribing agency: NUST
100 ## - HEADING--PERSONAL NAME
- Personal name: Cooper, Charles Raymond,
- Dates associated with a name: 1934-
670 ## - SOURCE DATA FOUND
- Source citation: Work cat.: (NUST)185869: Axelrod, Rise B. 95419, The St. Martin's guide to writing /, c1991.
